Gia đình và những tình huống giáo dục
Gardado en:
| Autor Principal: | |
|---|---|
| Formato: | Libro |
| Idioma: | Undetermined |
| Publicado: |
Tp. HCM
Thanh Niên
2004
|
| Những chủ đề: | |
| Các nhãn: |
Engadir etiqueta
Sen Etiquetas, Sexa o primeiro en etiquetar este rexistro!
|
| Thư viện lưu trữ: | Trung tâm Học liệu Trường Đại học Cần Thơ |
|---|
| LEADER | 00558nam a2200193Ia 4500 | ||
|---|---|---|---|
| 001 | CTU_59300 | ||
| 008 | 210402s9999 xx 000 0 und d | ||
| 020 | |b 13500 | ||
| 082 | |a 646.78 | ||
| 082 | |b Ch561 | ||
| 100 | |a Phạm Khắc Chương | ||
| 245 | 0 | |a Gia đình và những tình huống giáo dục | |
| 245 | 0 | |c Phạm Khắc Chương | |
| 260 | |a Tp. HCM | ||
| 260 | |b Thanh Niên | ||
| 260 | |c 2004 | ||
| 650 | |a family life education,home education | ||
| 904 | |i Minh | ||
| 980 | |a Trung tâm Học liệu Trường Đại học Cần Thơ | ||